| 000 | 003020000a22001210004500 | ||
|---|---|---|---|
| 090 |
_aAs _bSeriadas |
||
| 245 | 1 | 0 | _aColibríes de Colombia |
| 041 | 0 | _aEspañol | |
| 700 | 1 |
_aMazariego, Luis _999970 |
|
| 100 | 1 |
_aSalamam, Paul _999971 |
|
| 942 | _cARTICULO | ||
| 773 | 1 |
_tBoletín SAO _h16-17 _q18-20 _d1998 _g9 |
|
| 999 |
_c15742 _d15742 |
||